000 00735nam a2200193 a 4500
008 120416s1989 ||||||||||||||||| || u
050 _aHF 5718 Lit
100 _aLittle, Peter
245 1 0 _aCommunication in business (3rd ed.)
250 _a3rd ed.
260 _aLondon:
_bLongman
_c1989
300 _axii, 345 p. : ill.
350 _a0.00
650 0 _aBUSINESS
650 _aCOMMERCIAL CORRESPONDENCE
650 0 _aBUSINESS COMMUNICATION
995 _aSHORT LOAN BOOKS
_D0.00
_e702509
_FCBU-MAIN LIBRARY (Kitwe)
_H1
_I0.00
_jHF 5718 Lit
_M1
_UAVAILABLE
_y56015
_ZShort Loan Collection
995 _aSHORT LOAN BOOKS
_D0.00
_e728706
_FCBU-MAIN LIBRARY (Kitwe)
_H1
_I0.00
_jHF 5718 Lit
_M2
_UAVAILABLE
_WDec 7, 2007
_y020052
_ZShort Loan Collection
999 _c79534
_d79534